En busca del tiempo perdido : Albertina ha desaparecido, VI /
Guardado en:
| Autor Principal: | |
|---|---|
| Otros Autores: | |
| Formato: | Libro |
| Publicado: |
Buenos Aires :
Santiago Rueda,
1946
|
| Materias: | |
| Etiquetas: |
Agregar Etiqueta
Sin Etiquetas, Sea el primero en etiquetar este registro!
|
| LEADER | 00614nam a22001815a 4500 | ||
|---|---|---|---|
| 001 | EHU.bham024668 | ||
| 008 | 130507s1946##################000#0#####d | ||
| 005 | 20241112090000.0 | ||
| 245 | 1 | 0 | |a En busca del tiempo perdido : |b Albertina ha desaparecido, VI / |c Marcel Proust ; trad. Por Marcelo Menasche. |
| 260 | |a Buenos Aires : |b Santiago Rueda, |c 1946 | ||
| 300 | |a 301 p. | ||
| 100 | 1 | |a Proust, Marcel | |
| 700 | 1 | |a Menasche, Marcelo, trad. | |
| 082 | 8 | 4 | |a 843.8 |
| 653 | |a Colección Lejarraga | ||
| 653 | |a Novela francesa | ||
| 653 | |a Literatura francesa | ||
| 859 | |a AR-BHAM |b BIB. HUMANIDADES - General |h 843.8 |i P948 |p 460.02 |t Ej.1 | ||
